[Event "Bundesliga 2022-23"]
[Site "Munich GER"]
[Date "2023.10.22"]
[Round "15.8"]
[White "Kamsky, Gata"]
[Black "Delchev, Aleksander"]
[Result "1/2-1/2"]
[WhiteElo "2665"]
[BlackElo "2497"]
[EventDate "2022.10.22"]
[Board "2"]

1. e4 c5 2. Nf3 Nc6 3. Nc3 g6 4. d4 cxd4 5. Nxd4 Bg7 6. Be3 Nf6 7. Bc4 O-O
8. Bb3 Re8 9. O-O d6 10. f3 Na5 11. Qd2 Bd7 12. Rfd1 Rc8 13. a4 a6 14. Ba2
Qc7 15. Kh1 Rb8 16. Bg5 Nc4 17. Bxc4 Qxc4 18. a5 Bc6 19. b3 Qb4 20. Nde2
Nd7 21. Ra2 Rbc8 22. Be3 f5 23. exf5 gxf5 24. Nd5 Qxd2 25. Rxd2 Kf7 26. Kg1
Rg8 27. Kf1 e5 28. c4 Nc5 29. Bxc5 dxc5 30. Nec3 Rge8 31. Re2 Rcd8 32. Rad2
Rd7 1/2-1/2

[Event "Bundesliga 2022-23"]
[Site "Munich GER"]
[Date "2023.10.22"]
[Round "15.8"]
[White "Stojanovic, Dalibor"]
[Black "Kollars, Dmitrij"]
[Result "1/2-1/2"]
[WhiteElo "2453"]
[BlackElo "2607"]
[EventDate "2022.10.22"]
[Board "3"]

1. e4 e5 2. Nf3 Nc6 3. Bc4 Bc5 4. d3 Nf6 5. Nc3 h6 6. a3 a6 7. h3 d6 8. Be3
O-O 9. O-O b5 10. Ba2 Ba7 11. a4 b4 12. Nd5 Be6 13. Bxa7 Rxa7 14. Re1 Re8
15. Nxf6+ Qxf6 16. Bxe6 Qxe6 17. d4 exd4 18. Nxd4 Qc4 19. Nxc6 Qxc6 20. Qd3
a5 21. b3 Re5 22. Rad1 Ra8 23. Re3 Rae8 24. Rde1 Rc5 25. R1e2 Rc3 26. Qd2
Rxe3 27. Qxe3 f5 28. Qa7 Re5 29. f4 Rxe4 30. Rxe4 fxe4 31. Qxa5 Qxc2 32.
Qd5+ Kh8 33. Qf7 Qc5+ 34. Kh2 d5 35. Qe8+ Kh7 36. Qe6 e3 37. f5 d4 38. a5
d3 39. Qg6+ Kg8 40. Qe6+ Kh7 41. Qg6+ Kg8 42. Qe6+ Kh7 43. Qg6+ 1/2-1/2

[Event "Bundesliga 2022-23"]
[Site "Munich GER"]
[Date "2023.10.22"]
[Round "15.8"]
[White "Gupta, Abhijeet"]
[Black "Bogosavljevic, Boban"]
[Result "1/2-1/2"]
[WhiteElo "2620"]
[BlackElo "2515"]
[EventDate "2022.10.22"]
[Board "4"]

1. d4 d5 2. Nf3 Nf6 3. c4 c6 4. Nc3 dxc4 5. e4 b5 6. Be2 e6 7. O-O a5 8. a4
b4 9. e5 Nd5 10. Ne4 c3 11. Bg5 Qc7 12. Qc2 Ba6 13. Bxa6 Nxa6 14. bxc3 bxc3
15. Nxc3 Nxc3 16. Qxc3 Nb4 17. Rab1 h6 18. Bd2 Be7 19. Qc1 Qd7 20. Rd1 Qd5
21. Be3 O-O 22. Nd2 Rfb8 23. Qc4 Na2 24. Qc2 Rxb1 25. Rxb1 Rd8 26. Rb7 Bb4
27. Ne4 c5 28. Nxc5 Nc3 29. Rc7 Qc4 30. Qd3 Qa2 31. h3 Nd5 32. Ra7 Bxc5 33.
dxc5 Qxa4 34. Kh2 Qc6 35. Qd2 a4 36. Qa5 Rc8 37. Ra6 Qb7 38. Ra7 Qb2 39.
Qa6 Rd8 40. Qb7 Qxe5+ 41. f4 Qf6 42. Bc1 Nxf4 43. Bb2 Qf5 44. Rxa4 e5 45.
Ra8 Rxa8 46. Qxa8+ Kh7 47. Qf3 f6 48. Bc1 Qc2 49. Bxf4 exf4 50. c6 Qc4 51.
h4 Kg8 52. Kh1 h5 53. Kg1 g6 54. g3 Qc1+ 55. Kg2 Qc2+ 56. Kh3 Qf5+ 57. Kg2
Kf7 58. Qb3+ Ke7 59. Qb4+ Ke6 60. Qc4+ Ke7 61. c7 fxg3 62. Kxg3 Qc8 63. Kf2
Kd6 64. Qf4+ Kd5 65. Qf3+ Ke6 66. Qc6+ Ke7 67. Qe4+ Kd7 68. Qxg6 Qxc7 69.
Qf7+ Kc8 70. Qxf6 Qc5+ 71. Kf3 Kd7 1/2-1/2

[Event "Bundesliga 2022-23"]
[Site "Munich GER"]
[Date "2023.10.22"]
[Round "15.8"]
[White "Popovic, Dusan"]
[Black "Zilka, Stepan"]
[Result "0-1"]
[WhiteElo "2511"]
[BlackElo "2601"]
[EventDate "2022.10.22"]
[Board "5"]

1. e4 c5 2. d3 Nc6 3. g3 g6 4. Bg2 Bg7 5. f4 d6 6. Nf3 e6 7. O-O Nge7 8. c3
b5 9. Be3 Rb8 10. d4 d5 11. e5 c4 12. a3 a5 13. Nbd2 b4 14. axb4 axb4 15.
Bf2 Bd7 16. g4 h5 17. h3 bxc3 18. bxc3 Na5 19. Bh4 hxg4 20. hxg4 Nb3 21.
Ra2 Qb6 22. Kf2 Rxh4 23. Nxh4 g5 24. Nhf3 gxf4 25. Rh1 Nc6 26. Rh5 Kf8 27.
Qh1 Be8 28. Rh8+ Ke7 29. Qh4+ Kd7 30. Rh7 Bxe5 31. Nxe5+ Nxe5 32. Kg1 Nxd2
33. Rxd2 Qb1+ 34. Kh2 Nxg4+ 35. Kh3 Rb3 36. Kxg4 Qf5+ 37. Kf3 Qe4+ 38. Kg4
f3+ 39. Kg3 Qe1+ 40. Rf2 Rb2 41. Kxf3 Rxf2+ 42. Qxf2 Qe4+ 43. Kg3 Qg6+ 44.
Kh2 Qxh7+ 45. Bh3 Ke7 46. Qg3 Bd7 47. Qg5+ Ke8 48. Qg3 Qc2+ 49. Kg1 Qg6 50.
Kf2 Qxg3+ 51. Kxg3 e5 0-1

[Event "Bundesliga 2022-23"]
[Site "Munich GER"]
[Date "2023.10.22"]
[Round "15.8"]
[White "Kozul, Zdenko"]
[Black "Miljkovic, Miroslav D"]
[Result "1/2-1/2"]
[WhiteElo "2533"]
[BlackElo "2436"]
[EventDate "2022.10.22"]
[Board "6"]

1. d4 Nf6 2. c4 e6 3. g3 d5 4. Bg2 Be7 5. Nf3 O-O 6. O-O dxc4 7. Qc2 b6 8.
Rd1 Bb7 9. Bg5 Nbd7 10. Qxc4 c5 11. dxc5 Qc8 12. Nc3 Bxc5 13. Qf4 h6 14.
Bxf6 Nxf6 15. Rac1 Rd8 16. Ne5 Bxg2 17. Kxg2 Qb7+ 18. Qf3 Qxf3+ 19. Kxf3 g5
20. g4 Rxd1 21. Rxd1 Rc8 22. Ne4 Be7 23. Nd6 Bxd6 24. Rxd6 Rc5 25. Rd8+ Kg7
26. Nd3 Rc4 27. h3 Rc7 28. Ra8 Nd7 29. b4 Kf6 30. Ke4 Rc4+ 31. Ke3 Ne5 32.
Nxe5 Kxe5 33. Rxa7 Rxb4 34. Rxf7 Ra4 35. f3 Ra3+ 36. Kf2 Rxa2 37. Rh7 b5
38. Rxh6 b4 39. Rg6 b3 40. Rxg5+ Kd4 41. Rb5 Kc3 42. g5 b2 43. g6 Ra8 44.
h4 Rh8 45. Rb7 Rh6 46. Rc7+ Kd2 47. Rd7+ Kc2 48. Rc7+ Kd2 49. Rd7+ 1/2-1/2

[Event "Bundesliga 2022-23"]
[Site "Munich GER"]
[Date "2023.10.22"]
[Round "15.8"]
[White "Petrov, Martin"]
[Black "Dautov, Rustem"]
[Result "1/2-1/2"]
[WhiteElo "2505"]
[BlackElo "2582"]
[EventDate "2022.10.22"]
[Board "7"]

1. e4 c6 2. d4 d5 3. e5 Bf5 4. Nf3 e6 5. Be2 Nd7 6. O-O a5 7. a4 f6 8. Nbd2
Nh6 9. Re1 fxe5 10. Nxe5 Nxe5 11. dxe5 Bg6 12. Nb3 Nf5 13. Bd3 Qd7 14. Bd2
b6 15. c4 Be7 16. cxd5 exd5 17. f4 h5 18. Rc1 O-O 19. g4 hxg4 20. Qxg4 Qe6
21. Re2 Bh7 22. Rg2 Rf7 23. Be3 c5 24. Bf2 Kh8 25. Nd2 Raf8 1/2-1/2

[Event "Bundesliga 2022-23"]
[Site "Munich GER"]
[Date "2023.10.22"]
[Round "15.8"]
[White "Kozak, Adam"]
[Black "Kaufmann, Stefan"]
[Result "1-0"]
[WhiteElo "2568"]
[BlackElo "1615"]
[EventDate "2022.10.22"]
[Board "8"]

1. d4 c6 2. c4 d5 3. Nc3 Nf6 4. Nf3 e6 5. Bg5 Be7 6. e3 O-O 7. Bd3 Nbd7 8.
O-O h6 9. Bh4 b6 10. Rc1 Bb7 11. Qe2 Re8 12. Rfd1 Qb8 13. cxd5 exd5 14. Qc2
c5 15. Bb5 a6 16. Bxd7 Nxd7 17. Bxe7 Rxe7 18. dxc5 Nxc5 19. Nxd5 Bxd5 20.
Rxd5 Qb7 21. Rcd1 Ne6 22. Qf5 Rc8 23. h4 Rce8 24. Ne5 Nf8 25. Nc4 Qc7 26.
b3 b5 27. Nd6 Rd8 28. e4 Re6 29. Nxb5 Rxd5 30. exd5 Qd7 31. Nd4 Rd6 32.
Qxd7 Rxd7 33. Nf5 Ng6 34. g3 1-0